000 00739nam a2200205Ii 4500
003 JO-AjNU
008 230605s9999||||xx |||||||||||||| ||und||
040 _aJO-AjNU
_bara
_erda
_cJO-AjNU
041 _aara
050 1 4 _aDS98.2.D35 1995
100 3 _aدام، نيقولاوس فان,
_eauthor
_913766
245 0 0 _a الصراع على السلطة في سوريا: الطائفية والاقليمية والعشائرية في السياسة، 1961 - 1995
250 _aط2
264 3 1 _aالقاهرة: مكتبة مدبولي، 1995
300 _a255ص
336 _atext
_btxt
_2rdacontent
337 _aunmediated
_bn
_2rdamedia
338 _avolume
_bnc
_2rdacarrier
650 4 _aسوريا- تاريخ- عصر حديث
_913767
999 _aA3512
_c7080
_d7080